Violence, conciliation et répression: recherches sur l'histoire du crime de l'antiquité au XXIe siècle
| Otros Autores: | |
|---|---|
| Tipo de documento: | Print Libro |
| Lenguaje: | Francés Holandés |
| Publicado: |
Louvain-la-Neuve
Presses Universitaires de Louvain
c2009
|
| En: | Año: 2009 |
| Acceso en línea: |
Índice |
| Disponibilidad en Tübingen: | Disponible en Tübingen. UB: KB 20 A 4535 |
| Verificar disponibilidad: | HBZ Gateway |
| Servicio de pedido Subito: | Pedir ahora. |
| Palabras clave: |
MARC
| LEADER | 00000cam a2200000 c 4500 | ||
|---|---|---|---|
| 001 | 1604502312 | ||
| 003 | DE-627 | ||
| 005 | 20220614121450.0 | ||
| 007 | tu | ||
| 008 | 100806s2009 be ||||| 00| ||fre c | ||
| 020 | |a 9782874631337 |c (pbk.) : 26,00 EUR |9 978-2-87463-133-7 | ||
| 035 | |a (DE-627)1604502312 | ||
| 035 | |a (DE-576)327277491 | ||
| 035 | |a (DE-599)BSZ327277491 | ||
| 035 | |a (FrPAAL)04424870001 | ||
| 040 | |a DE-627 |b ger |c DE-627 |e rakwb | ||
| 041 | |a fre |a dut | ||
| 044 | |c XA-BE | ||
| 245 | 0 | 0 | |a Violence, conciliation et répression |b recherches sur l'histoire du crime de l'antiquité au XXIe siècle |c Aude Musin, Xavier Rousseaux et Frédéric Vesentini (éd.) |
| 264 | 1 | |a Louvain-la-Neuve |b Presses Universitaires de Louvain |c c2009 | |
| 300 | |a 326 S. |c 25 cm | ||
| 336 | |a Text |b txt |2 rdacontent | ||
| 337 | |a ohne Hilfsmittel zu benutzen |b n |2 rdamedia | ||
| 338 | |a Band |b nc |2 rdacarrier | ||
| 490 | 0 | |a Histoire, justice, sociétés | |
| 500 | |a Text teilw. franz., niederländ | ||
| 583 | 1 | |a Archivierung prüfen |c 20200919 |f DE-640 |z 2 |2 pdager | |
| 655 | 7 | |a Aufsatzsammlung |0 (DE-588)4143413-4 |0 (DE-627)105605727 |0 (DE-576)209726091 |2 gnd-content | |
| 689 | 0 | 0 | |d s |0 (DE-588)4183472-0 |0 (DE-627)105302465 |0 (DE-576)210018860 |a Strafjustiz |2 gnd |
| 689 | 0 | 1 | |a z |2 gnd |a Geschichte |
| 689 | 0 | |5 (DE-627) | |
| 700 | 1 | |a Musin, Aude |e Hrsg. |4 edt | |
| 856 | 4 | 2 | |u https://swbplus.bsz-bw.de/bsz327277491inh.htm |m B:DE-576;DE-21 |q application/pdf |v 20100916123449 |x Verlag |3 Inhaltsverzeichnis |7 1 |
| 951 | |a BO | ||
| ELC | |b 1 | ||
| LOK | |0 000 xxxxxcx a22 zn 4500 | ||
| LOK | |0 001 3103391749 | ||
| LOK | |0 003 DE-627 | ||
| LOK | |0 004 1604502312 | ||
| LOK | |0 005 20100903113715 | ||
| LOK | |0 008 100806||||||||||||||||ger||||||| | ||
| LOK | |0 040 |a DE-21 |c DE-627 |d DE-21 | ||
| LOK | |0 852 |a DE-21 | ||
| LOK | |0 852 1 |c KB 20 A 4535 |9 00 | ||
| LOK | |0 935 |a krim | ||
| LOK | |0 936ln |a k2.3 | ||
| LOK | |0 938 |a 1009 |f 34 | ||
| LOK | |0 939 |a 06-08-10 |b l01 | ||
| ORI | |a SA-MARC-krimdoka001.raw | ||
| SIG | |a UB: KB 20 A 4535 | ||
